[Event "Bratislava exe op"]
[Site "Bratislava"]
[Date "2023.09.21"]
[Round "7"]
[White "Pavlovic, Milos"]
[Black "Bochnicka, Vladimir1111"]
[Result "0-1"]
[WhiteElo "2402"]
[BlackElo "2350"]
[PlyCount "66"]
[EventDate "2023.09.15"]
[EventType "swiss"]
[EventRounds "9"]
[EventCountry "SVK"]
[SourceTitle "EXT 2024"]
[Source "ChessBase"]
[SourceDate "2023.10.10"]
[SourceVersion "1"]
[SourceVersionDate "2023.10.10"]
[SourceQuality "1"]

1. Nf3 d5 2. g3 Bg4 3. Bg2 c6 4. 0-0 Nd7 5. d4 Ngf6 6. Nbd2 h6 7. Re1 Bf5 8. c4 e6 9. Qb3 Qb6 10. c5 Qxb3 11. axb3 g5 12. b4 Bg7 13. Nb3 a6 14. Na5 0-0-0 15. h4 g4 16. Nd2 e5 17. Ndb3 Ne4 18. Be3 Bg6 19. Red1 Rhe8 20. Bf1 f5 21. dxe5 Nxe5 22. Nd4 Nc4 23. Bc1 f4 24. gxf4 g3 25. Bh3+ Kb8 26. Ne6 Nxf2 27. Nxg7 Nxh3+ 28. Kg2 Nf2 29. f5 Nxd1 30. Bf4+ Kc8 31. Nxe8 Nde3+ 32. Kf3 Bh5+ 33. Kxg3 Nxf5+ 0-1

[Event "Belgrade Gligoric 100 Ann op"]
[Site "Belgrade"]
[Date "2023.02.05"]
[Round "6"]
[White "Pavlovic, Milos"]
[Black "Radlovacki, Jovan"]
[Result "1-0"]
[WhiteElo "2418"]
[BlackElo "2292"]
[PlyCount "122"]
[EventDate "2023.02.05"]
[EventType "swiss (blitz)"]
[EventRounds "11"]
[EventCountry "SRB"]
[SourceTitle "EXT 2024"]
[Source "ChessBase"]
[SourceDate "2023.10.10"]
[SourceVersion "1"]
[SourceVersionDate "2023.10.10"]
[SourceQuality "1"]

1. d4 d6 2. Nf3 Bg4 3. c4 Nd7 4. Nc3 e5 5. e3 c6 6. Be2 Be7 7. 0-0 a6 8. h3 Bh5 9. b3 f5 10. d5 c5 11. Qc2 Bg6 12. Bb2 Nh6 13. Ne1 e4 14. f4 0-0 15. g3 Bf6 16. Ng2 Nf7 17. g4 h6 18. Nd1 Bxb2 19. Qxb2 Nf6 20. Nf2 Bh7 21. Nh1 Qd7 22. Ng3 fxg4 23. hxg4 Nxg4 24. Nh5 Nh8 25. Nxg7 Qxg7 26. Qxg7+ Kxg7 27. Bxg4 Kf6 28. Kf2 Ng6 29. Rh1 Kg7 30. Rh2 Ne7 31. Rah1 Rf6 32. Be6 Bf5 33. Bxf5 Nxf5 34. Nh4 Nxh4 35. Rxh4 Rh8 36. Rg1+ Rg6 37. Rgh1 Kf6 38. Rh5 b5 39. R1h4 bxc4 40. bxc4 Rb8 41. Rxh6 Rb2+ 42. Ke1 Rxa2 43. Rxg6+ Kxg6 44. Rh8 a5 45. Rd8 Kf5 46. Rxd6 Kg4 47. Kd1 Kf3 48. f5 Kxe3 49. f6 Kd3 50. Kc1 e3 51. Re6 Rf2 52. d6 Kc3 53. Kd1 Kd3 54. Ke1 Rh2 55. Kf1 e2+ 56. Kg1 Rh8 57. f7 Kd2 58. Kf2 Rh2+ 59. Kg3 Rh8 60. Kf3 Rh3+ 61. Kg4 Rh8 1-0

[Event "Staufer op 33rd"]
[Site "Schwaebisch Gmuend"]
[Date "2023.01.05"]
[Round "8"]
[White "Pavlovic, Milos"]
[Black "Khrapko, Marharyta"]
[Result "0-1"]
[WhiteElo "2444"]
[BlackElo "2146"]
[PlyCount "118"]
[EventDate "2023.01.02"]
[EventType "swiss"]
[EventRounds "9"]
[EventCountry "GER"]
[SourceTitle "CBM 212 Extra"]
[Source "ChessBase"]
[SourceDate "2023.03.31"]
[SourceVersion "1"]
[SourceVersionDate "2023.03.31"]
[SourceQuality "1"]

1. e4 c5 2. Nf3 Nc6 3. Bb5 Nd4 4. Nxd4 cxd4 5. 0-0 a6 6. Bd3 d5 7. c4 dxe4 8. Bxe4 Nf6 9. Bf3 Qc7 10. d3 Bf5 11. Bg5 Nd7 12. Bh4 e5 13. Bd5 Rb8 14. Nd2 Bxd3 15. Bxf7+ Kxf7 16. Qf3+ Nf6 17. Qxd3 Bd6 18. Bxf6 gxf6 19. Ne4 Qc6 20. Rae1 Bc7 21. c5 Rbg8 22. Qh3 h5 23. f4 Rg4 24. fxe5 Bxe5 25. Qb3+ Ke7 26. Qd3 Rhg8 27. Rf2 h4 28. h3 R4g6 29. Ree2 Kd8 30. b4 Qd5 31. a4 Rf8 32. b5 f5 33. c6 bxc6 34. bxa6 Kc7 35. Nd2 Rg3 36. Qb1 Rb8 37. Qxf5 Rxg2+ 38. Rxg2 Bh2+ 39. Kxh2 Qxf5 40. Rg7+ Kb6 41. a7 Qf4+ 42. Kg2 Ra8 43. Nc4+ Kc5 44. Ne5 Qh6 45. Rg6 Qh7 46. Rg5 Kd6 47. Rf2 Kd5 48. Nd7+ Kd6 49. Nb6 Rxa7 50. Nc8+ Ke6 51. Nxa7 Qxa7 52. a5 d3 53. Rg6+ Ke5 54. Rxc6 Qxa5 55. Rc1 Qd5+ 56. Kh2 Qd4 57. Re1+ Kd6 58. Rf3 d2 59. Rd1 Qe5+ 0-1

[Event "Staufer op 33rd"]
[Site "Schwaebisch Gmuend"]
[Date "2023.01.05"]
[Round "7"]
[White "Stork, Oliver"]
[Black "Pavlovic, Milos"]
[Result "1-0"]
[WhiteElo "2351"]
[BlackElo "2444"]
[PlyCount "83"]
[EventDate "2023.01.02"]
[EventType "swiss"]
[EventRounds "9"]
[EventCountry "GER"]
[SourceTitle "CBM 212 Extra"]
[Source "ChessBase"]
[SourceDate "2023.03.31"]
[SourceVersion "1"]
[SourceVersionDate "2023.03.31"]
[SourceQuality "1"]

1. c4 Nf6 2. Nf3 g6 3. g3 Bg7 4. Bg2 0-0 5. 0-0 c6 6. d4 d5 7. cxd5 cxd5 8. Nc3 Nc6 9. Ne5 Bf5 10. Nxc6 bxc6 11. Bf4 Nh5 12. Be3 c5 13. Bxd5 cxd4 14. Bxd4 Bxd4 15. Qxd4 e6 16. g4 Bxg4 17. Qxg4 Nf6 18. Qf3 Nxd5 19. Nxd5 exd5 20. Rfd1 Qg5+ 21. Kh1 Qe5 22. Rd2 Rab8 23. Rb1 Rfd8 24. b3 d4 25. Rbd1 Kg7 26. Qg4 h5 27. Qh4 d3 28. e3 Rbc8 29. Rxd3 Rxd3 30. Rxd3 Qf5 31. Qd4+ Kh7 32. e4 Qg4 33. Rg3 Qe2 34. Kg2 Rc1 35. Qd3 Qe1 36. Kh3 Rd1 37. Qf3 Qf1+ 38. Kh4 Kg8 39. Qf6 Qh1 40. Kg5 Qxe4 41. Kh6 Qd4 42. Re3 1-0

[Event "Staufer op 33rd"]
[Site "Schwaebisch Gmuend"]
[Date "2023.01.02"]
[Round "2"]
[White "Pavlovic, Milos"]
[Black "Gloeckler, Christian"]
[Result "1-0"]
[WhiteElo "2444"]
[BlackElo "2106"]
[PlyCount "68"]
[EventDate "2023.01.02"]
[EventType "swiss"]
[EventRounds "9"]
[EventCountry "GER"]
[SourceTitle "CBM 212 Extra"]
[Source "ChessBase"]
[SourceDate "2023.03.31"]
[SourceVersion "1"]
[SourceVersionDate "2023.03.31"]
[SourceQuality "1"]

1. Nf3 Nf6 2. d4 e6 3. g3 b6 4. Bg2 Bb7 5. 0-0 c5 6. c4 cxd4 7. Qxd4 Nc6 8. Qf4 d5 9. Rd1 Bd6 10. Qh4 Ne4 11. cxd5 exd5 12. Ng5 f5 13. Nc3 Nxc3 14. bxc3 Ne7 15. Ne6 Qc8 16. Nxg7+ Kf7 17. Qh5+ Kxg7 18. Qh6+ Kf7 19. Qxd6 Rd8 20. Qh6 Qxc3 21. Bg5 Rh8 22. Rac1 Qe5 23. Be3 Rhc8 24. Qxh7+ Ke8 25. h4 Rxc1 26. Rxc1 Rc8 27. Rd1 Rc2 28. Bf3 Ba6 29. Bf4 Qe6 30. e3 Be2 31. Bxe2 Rxe2 32. Qh5+ Ng6 33. Qxe2 Nxf4 34. Qb5+ Ke7 1-0

[Event "Nova Gorica op-A 26th"]
[Site "Nova Gorica"]
[Date "2022.09.20"]
[Round "7"]
[White "Marn, Jan"]
[Black "Pavlovic, Milos"]
[Result "1-0"]
[WhiteElo "2307"]
[BlackElo "2468"]
[PlyCount "109"]
[EventDate "2022.09.16"]
[EventType "swiss"]
[EventRounds "9"]
[EventCountry "SLO"]
[SourceTitle "CBM 210 Extra"]
[Source "ChessBase"]
[SourceDate "2022.11.30"]
[SourceVersion "1"]
[SourceVersionDate "2022.11.30"]
[SourceQuality "1"]

1. d4 Nf6 2. c4 e6 3. g3 Bb4+ 4. Bd2 Be7 5. Bg2 d5 6. Nf3 0-0 7. 0-0 c6 8. Qc2 Nbd7 9. Rd1 h6 10. Bf4 Nh5 11. Bc1 Nhf6 12. b3 b6 13. Bb2 a5 14. Nc3 Ba6 15. Nd2 b5 16. e4 bxc4 17. bxc4 Nb6 18. c5 Nc4 19. Nxc4 Bxc4 20. Na4 Nd7 21. Rab1 Bxa2 22. Ra1 Bc4 23. Bc3 Bb5 24. Rdb1 Qc7 25. Bd2 dxe4 26. Bxe4 Bg5 27. Bxg5 hxg5 28. Bg2 Nf6 29. Nb6 Rad8 30. Qd2 a4 31. Rb4 g4 32. Nxa4 Ra8 33. Qb2 Bxa4 34. Raxa4 Rxa4 35. Rxa4 Rb8 36. Rb4 Rxb4 37. Qxb4 Nd5 38. Qb1 Qa7 39. Qd1 f5 40. h3 gxh3 41. Bxh3 Qd7 42. Qe1 Nc7 43. g4 g6 44. Qe5 Nb5 45. Qf6 Kh7 46. d5 cxd5 47. g5 Na7 48. Qf8 Qg7 49. Qd6 d4 50. Bf1 Nc8 51. Qxe6 Qc7 52. Bc4 Ne7 53. Qf7+ Kh8 54. Qf8+ Kh7 55. Qh6# 1-0

[Event "Biel HTO 55th"]
[Site "Biel"]
[Date "2022.07.16"]
[Round "4"]
[White "Sethuraman, SP."]
[Black "Pavlovic, Milos"]
[Result "1-0"]
[WhiteElo "2623"]
[BlackElo "2461"]
[PlyCount "68"]
[EventDate "2022.07.13"]
[EventType "swiss"]
[EventRounds "9"]
[EventCountry "SUI"]
[SourceTitle "CBM 209 Extra"]
[Source "ChessBase"]
[SourceDate "2022.09.30"]
[SourceVersion "1"]
[SourceVersionDate "2022.09.30"]
[SourceQuality "1"]

1. e4 e5 2. Nf3 Nc6 3. Bb5 Nf6 4. d3 d6 5. 0-0 Bd7 6. Re1 g6 7. c3 Bg7 8. a4 0-0 9. a5 Nb8 10. Bc4 Bg4 11. Nbd2 c6 12. h3 Bxf3 13. Nxf3 Nbd7 14. Bb3 Qc7 15. Be3 d5 16. Nd2 dxe4 17. dxe4 Rfd8 18. Qf3 Nc5 19. Bc4 Qe7 20. b4 Ne6 21. Red1 Ne8 22. Bf1 Nd6 23. Nc4 Nb5 24. Re1 Rab8 25. Nb2 a6 26. Bb6 Nec7 27. Na4 Rd7 28. Rec1 Ne6 29. Qe3 Ng5 30. Bc4 Ne6 31. Rd1 Nbc7 32. Bb3 Qf6 33. Rxd7 Rd8 34. Re1 Rxd7 1-0

[Event "SUI-ch 121st"]
[Site "Samnaun"]
[Date "2022.07.10"]
[Round "9"]
[White "Pavlovic, Milos"]
[Black "Curien, Nicolas"]
[Result "1-0"]
[WhiteElo "2461"]
[BlackElo "2198"]
[PlyCount "51"]
[EventDate "2022.07.04"]
[EventType "swiss"]
[EventRounds "9"]
[EventCountry "SUI"]
[SourceTitle "CBM 209 Extra"]
[Source "ChessBase"]
[SourceDate "2022.09.30"]
[SourceVersion "1"]
[SourceVersionDate "2022.09.30"]
[SourceQuality "1"]

1. c4 c6 2. Nf3 d5 3. e3 Nf6 4. Nc3 e6 5. b3 Nbd7 6. Qc2 Bd6 7. Bb2 0-0 8. Be2 a6 9. d4 b5 10. 0-0 Rb8 11. Rfd1 b4 12. Na4 Ne4 13. Ne5 Qh4 14. Bd3 f5 15. f3 Qh6 16. Qe2 Ndf6 17. c5 Bc7 18. fxe4 dxe4 19. Bc4 Ng4 20. g3 Qxe3+ 21. Qxe3 Nxe3 22. Nxc6 Nxd1 23. Rxd1 Ra8 24. Nb6 Bxb6 25. cxb6 Kf7 26. d5 1-0

[Event "Rilton Cup 49th"]
[Site "Stockholm"]
[Date "2020.01.04"]
[Round "8"]
[White "Pavlovic, Milos"]
[Black "Soumya, Swaminathan"]
[Result "1/2-1/2"]
[WhiteElo "2480"]
[BlackElo "2384"]
[PlyCount "114"]
[EventDate "2019.12.27"]
[EventType "swiss"]
[EventRounds "9"]
[EventCountry "SWE"]
[SourceTitle "CBM 194 Extra"]
[Source "ChessBase"]
[SourceDate "2020.03.31"]
[SourceVersion "1"]
[SourceVersionDate "2020.03.31"]
[SourceQuality "1"]

1. d4 d5 2. Nf3 Nf6 3. c4 c6 4. e3 Bg4 5. Nbd2 e6 6. Bd3 Nbd7 7. Qc2 Bd6 8. b3 Qe7 9. Bb2 e5 10. dxe5 Nxe5 11. Nxe5 Bxe5 12. Bxe5 Qxe5 13. 0-0 0-0 14. h3 Bh5 15. cxd5 Qxd5 16. Ne4 Nxe4 17. Bxe4 Bg6 18. Bxg6 hxg6 19. Rad1 Qe6 20. Rd4 Rad8 21. Rfd1 Qe7 22. Qd2 Rxd4 23. Qxd4 c5 24. Qa4 Rd8 25. Rxd8+ Qxd8 26. Qxa7 Qd1+ 27. Kh2 Qd6+ 28. f4 b6 29. Qb7 f5 30. Qa6 Kh7 31. a4 Qe6 32. Qd3 Kh6 33. Kg3 g5 34. Kf2 gxf4 35. exf4 g6 36. Qe3 Qd5 37. g4 Kh7 38. Kg3 fxg4 39. hxg4 c4 40. bxc4 Qxc4 41. Qe7+ Kg8 42. Qf6 Qb3+ 43. Kh4 Qxa4 44. Qxg6+ Kf8 45. Qd6+ Ke8 46. f5 b5 47. Qe6+ Kf8 48. Kg5 Qd4 49. f6 Qd2+ 50. Kh5 Qh2+ 51. Kg6 Qc2+ 52. Qf5 Qc4 53. Kh6 b4 54. Qe5 Qc1+ 55. g5 Qh1+ 56. Kg6 Qb1+ 57. Kh5 Qh1+ 1/2-1/2

[Event "Rilton Cup 49th"]
[Site "Stockholm"]
[Date "2019.12.31"]
[Round "5"]
[White "Pavlovic, Milos"]
[Black "Dragicevic, Drazen"]
[Result "0-1"]
[WhiteElo "2480"]
[BlackElo "2294"]
[PlyCount "86"]
[EventDate "2019.12.27"]
[EventType "swiss"]
[EventRounds "9"]
[EventCountry "SWE"]
[SourceTitle "CBM 194 Extra"]
[Source "ChessBase"]
[SourceDate "2020.03.31"]
[SourceVersion "1"]
[SourceVersionDate "2020.03.31"]
[SourceQuality "1"]

1. Nf3 Nf6 2. g3 b5 3. Bg2 Bb7 4. 0-0 c5 5. c3 e6 6. d4 a5 7. Bg5 Qb6 8. Bxf6 gxf6 9. Nbd2 cxd4 10. cxd4 f5 11. a4 d5 12. e3 Nd7 13. axb5 Qxb5 14. Re1 Bd6 15. Bf1 Qb6 16. Bd3 Ba6 17. Bxa6 Rxa6 18. Re2 Ke7 19. Nb3 Qb5 20. Nc1 Rb8 21. Nd3 Qb3 22. Rc2 a4 23. Nc5 Bxc5 24. dxc5 Rc8 25. Nd4 Qb4 26. c6 Ne5 27. Rac1 Kd6 28. Qh5 Ra7 29. Qe2 Ke7 30. Rc5 Ra5 31. R5c3 Nc4 32. Rxc4 dxc4 33. Rxc4 Qb6 34. Qd1 Rc7 35. Rc2 Rd5 36. Qc1 Kf6 37. Rc4 e5 38. Nf3 Qb3 39. Rc2 Rd6 40. Kg2 Qb6 41. e4 f4 42. gxf4 Rdxc6 43. f5 Qxf2+ 0-1

[Event "Wch Seniors 50 29th"]
[Site "Bucharest"]
[Date "2019.11.21"]
[Round "9"]
[White "Marin, Mihail"]
[Black "Pavlovic, Milos"]
[Result "1-0"]
[WhiteElo "2521"]
[BlackElo "2482"]
[PlyCount "71"]
[EventDate "2019.11.12"]
[EventType "swiss"]
[EventRounds "11"]
[EventCountry "ROU"]
[SourceTitle "CBM 193 Extra"]
[Source "ChessBase"]
[SourceDate "2020.01.31"]
[SourceVersion "1"]
[SourceVersionDate "2020.01.31"]
[SourceQuality "1"]

1. c4 Nf6 2. g3 g6 3. Bg2 Bg7 4. Nc3 0-0 5. e4 c5 6. Nge2 Nc6 7. 0-0 a6 8. d3 Rb8 9. a4 d6 10. h3 Ne8 11. Be3 Nc7 12. d4 b6 13. d5 Ne5 14. b3 b5 15. f4 Nd7 16. a5 b4 17. Na4 Bxa1 18. Qxa1 e5 19. fxe5 Nxe5 20. Bxc5 Ne8 21. Bd4 f6 22. Nb6 Rb7 23. Qe1 Re7 24. Nf4 Ng7 25. Qxb4 g5 26. Ne2 g4 27. Nf4 gxh3 28. Nxc8 hxg2 29. Nxe7+ Qxe7 30. Kxg2 f5 31. Qe1 fxe4 32. Qxe4 Qg5 33. Bxe5 dxe5 34. Nh3 Qd2+ 35. Rf2 Rxf2+ 36. Nxf2 1-0

[Event "Wch Seniors 50 29th"]
[Site "Bucharest"]
[Date "2019.11.15"]
[Round "4"]
[White "Pavlovic, Milos"]
[Black "Metz, Hartmut"]
[Result "1-0"]
[WhiteElo "2482"]
[BlackElo "2248"]
[PlyCount "73"]
[EventDate "2019.11.12"]
[EventType "swiss"]
[EventRounds "11"]
[EventCountry "ROU"]
[SourceTitle "CBM 193 Extra"]
[Source "ChessBase"]
[SourceDate "2020.01.31"]
[SourceVersion "1"]
[SourceVersionDate "2020.01.31"]
[SourceQuality "1"]

1. e4 c6 2. Nf3 d5 3. d3 dxe4 4. dxe4 Qxd1+ 5. Kxd1 Bg4 6. Be2 Nd7 7. Ne1 Bxe2+ 8. Kxe2 Ngf6 9. f3 e6 10. Nd2 Bd6 11. a4 0-0 12. Nd3 Ne5 13. Nxe5 Bxe5 14. Nc4 Bc7 15. Be3 Rfd8 16. a5 Nd7 17. Rhd1 Ne5 18. Rxd8+ Rxd8 19. Nxe5 Bxe5 20. f4 Bb8 21. a6 b6 22. Bxb6 axb6 23. a7 Bxa7 24. Rxa7 g5 25. fxg5 Rd4 26. Ke3 Rb4 27. b3 c5 28. Ra4 Rb5 29. h4 Kg7 30. Kd3 c4+ 31. Rxc4 Kg6 32. g4 h5 33. gxh6 Kxh6 34. b4 Kg6 35. c3 Kf6 36. Rc7 Ke5 37. Kc4 1-0